Análisis técnico-económico de tecnologías altermativas existentes aplicadas en la reutilización de aguas grises y pluviales
保存先:
| 第一著者: | |
|---|---|
| フォーマット: | 図書 |
| 出版事項: |
[San José], Costa Rica
2009
|
| 主題: | |
| タグ: |
タグ追加
タグなし, このレコードへの初めてのタグを付けませんか!
|
MARC
| LEADER | 00000nam a2200000Ia 4500 | ||
|---|---|---|---|
| 003 | 001534 | ||
| 005 | 20221231144041.0 | ||
| 008 | 140114s2009 cr a 000 ||s d | ||
| 040 | |c cru CEDI | ||
| 090 | |a TFG 6048 | ||
| 100 | |a Ugalde Elizondo, Karen |9 3355 | ||
| 245 | |a Análisis técnico-económico de tecnologías altermativas existentes aplicadas en la reutilización de aguas grises y pluviales | ||
| 260 | |c 2009 |b [San José], Costa Rica | ||
| 500 | |a Tesis (licenciatura en ingeniería civil)--Universidad de Costa Rica. Facultad de Ingeniería. Escuela de Ingeniería Civil | ||
| 650 | |x AGUAS GRISES |x AGUAS PLUVIALES |x REUTILIZACION |x ASPECTOS ECONOMICOS |x ASPECTOS AMBIENTALES |x EDIFICIOS DE APARTAMENTOS |x COSTA RICA |9 3356 | ||
| 942 | |c TFG | ||
| 999 | |c 16172 |d 16172 | ||
